000 01058nam a2200277 i 4500
001 105005
003 ES-MaACL
005 20231005132329.0
007 t|
008 050606s1966 sp ||||1| spa d
080 _a75 Sarguini, Mohamed (083.82)
100 1 _aSarguini, Mohamed.
_9103813
245 1 0 _aSarguini
_b: [exposición, Sala del Prado del Ateneo de Madrid, abril de 1966] /
_c[Texto: Dora Bacaicoa].
260 _a[Madrid] :
_bPublicaciones Españolas,
_c[1966]
300 _a[20] p. :
_bil. ;
_c23 cm.
490 1 _aCuadernos de arte. Serie divulgación ;
_v48
600 1 4 _aSarguini, Mohamed-
_vExposiciones.
_9103814
610 2 7 _aAteneo de Madrid-
_vExposiciones-
_y1960-1969.
_91920
655 7 _2tgfbne
_9193628
_aCatálogos de exposiciones
700 0 _aBacaicoa Arnáiz, Dora.
_924431
710 2 _aAteneo de Madrid.
_bSala del Prado.
_91965
830 0 _aCuadernos de arte. Serie divulgación ;
_v48
_9184876
852 _aES-MaACL
_j2204-F-23
_91109628
_bR.137534
_cDEPOF
942 _2udc
_cMONOGRAFIA
999 _c105005
_d105005